Tibeto-Burman Linguistics of North East India/ (Record no. 203082)
[ view plain ]
| 000 -LEADER | |
|---|---|
| fixed length control field | 00762nam a22002297a 4500 |
| 005 - DATE AND TIME OF LATEST TRANSACTION | |
| control field | 20240521122417.0 |
| 010 ## - LCCN (DPL NO) | |
| LC control number | ENG-140398 |
| 020 ## - INTERNATIONAL STANDARD BOOK NUMBER | |
| International Standard Book Number | 9789380261904 |
| Terms of availability | 1895.00 |
| 035 ## - SYSTEM CONTROL NUMBER | |
| System control number | EN-123930 |
| 037 ## - SOURCE OF ACQUISITION | |
| Source of stock number/acquisition | DBAD |
| 082 ## - DEWEY DECIMAL CLASSIFICATION NUMBER | |
| Classification number | 409.54 |
| 100 ## - MAIN ENTRY--PERSONAL NAME | |
| Personal name | War, J. |
| 245 ## - TITLE STATEMENT | |
| Title | Tibeto-Burman Linguistics of North East India/ |
| Statement of responsibility, etc | Edited by J. War...[et.al] |
| 260 ## - PUBLICATION, DISTRIBUTION, ETC. (IMPRINT) | |
| Place of publication, distribution, etc | Assam |
| Name of publisher, distributor, etc | EBH Publishers, an imprint of Eastern Book House |
| Date of publication, distribution, etc | 2014 |
| 270 ## - ADDRESS | |
| Address | 136, M.L. Nehru Road, Panbazar, Guwahati |
| City | Assam |
| Postal code | 781001 |
| 300 ## - PHYSICAL DESCRIPTION | |
| Extent | 256 p. |
| Dimensions | 24cm, (hb} |
| 700 ## - ADDED ENTRY--PERSONAL NAME | |
| Personal name | Edited by War, J. |
| 9 (RLIN) | 66297 |
| 700 ## - ADDED ENTRY--PERSONAL NAME | |
| Personal name | Edited by Singh, S.K. |
| 9 (RLIN) | 66608 |
| 700 ## - ADDED ENTRY--PERSONAL NAME | |
| Personal name | Edited by Lyngdoh, A. |
| 9 (RLIN) | 66610 |
| 700 ## - ADDED ENTRY--PERSONAL NAME | |
| Personal name | Edited by Khyriem B. |
| 9 (RLIN) | 66612 |
| 942 ## - ADDED ENTRY ELEMENTS (KOHA) | |
| Source of classification or shelving scheme | Dewey Decimal Classification |
| Item type | English Books |
| Classification part | 409.54 |
| Call number suffix | TIB |
| Withdrawn status | Lost status | Not for loan | Collection code | Home library | Current library | Date acquired | Source of acquisition | Cost, normal purchase price | Full call number | Barcode | Copy number | Cost, replacement price | Koha item type |
|---|---|---|---|---|---|---|---|---|---|---|---|---|---|
| Non-fiction | Patel Nagar | Patel Nagar | 21/05/2024 | DBAD | 1895.00 | 409.54 TIB | EN-123930 | 1 | 1895.00 | English Books |
